[Event "Regionalliga NO9899"]
[Site "Bayern"]
[Date "1999.??.??"]
[Round "?"]
[White "Goetz, Andreas"]
[Black "Fischer, Gerd"]
[Result "0-1"]
[WhiteElo "2095"]
[BlackElo "2100"]

1.Nf3 d5 2.c4 c6 3.d4 Nf6 4.e3 e6 5.Nbd2 Nbd7 6.Bd3 Be7 7.O-O O-O 8.Re1 c5
9.cxd5 exd5 10.b3 cxd4 11.exd4 Bb4 12.a3 Bc3 13.Ra2 Qb6 14.Bb2 Bxb2 15.Rxb2 Nb8
16.Qc2 Nc6 17.Qc5 Bd7 18.b4 Rfc8 19.Qxb6 axb6 20.Rb3 Re8 21.Rxe8+ Rxe8 22.Bb5 Ne4
23.Nf1 g5 24.Ne3 g4 25.Bxc6 bxc6 26.Ne5 Nf6 27.Rc3 Re6 28.g3 h5 29.a4 Ne4
30.Rc2 Be8 31.Nd3 Ng5 32.Nf4 Nf3+ 33.Kg2 Rxe3 34.fxe3 Ne1+ 35.Kf2 Nxc2 36.a5 bxa5
37.bxa5 Nb4 38.Nxh5 f5 39.Nf4 Kf7 40.Ke2 Ke7 41.Kd2 Kd6 42.Kc3 Na6 43.h4 gxh3
44.Nxh3 Bd7 45.Ng5 Be6 46.Nf3 Bc8 47.Ne5 Nc5 48.Nf7+ Ke7 49.Ne5 Ne4+ 50.Kb4 Kd6
51.a6 Bxa6 52.g4 fxg4 53.Nxg4 Be2 54.Ne5 c5+ 55.Kb3 c4+ 56.Kc2 Bh5 57.Kc1 Nf6  0-1

[Event "Regionalliga SW9899"]
[Site "Bayern"]
[Date "1999.??.??"]
[Round "?"]
[White "Schlinkmeier, Karsten"]
[Black "Wittal, Werner"]
[Result "1/2-1/2"]
[WhiteElo "2085"]
[BlackElo "1975"]

1.Nf3 d5 2.c4 c6 3.b3 Nf6 4.Bb2 Bf5 5.d3 Nbd7 6.Nbd2 e6 7.e3 h6 8.Be2 Nc5
9.Qc2 dxc4 10.Qxc4 Bxd3 11.Qc3 a5 12.Rd1 Nd5 13.Qe5 Qf6 14.Nc4 Qxe5 15.Bxe5 Bxe2
16.Kxe2 Ne4 17.Rc1 f6 18.Bb2 Bb4 19.Nd4 Kf7 20.Kf3 Nd2+ 21.Ke2 Ne4 22.Kf3 Nd2+
23.Ke2 Ne4  1/2-1/2

[Event "Landesliga Sued 9899"]
[Site "Bayern"]
[Date "1999.??.??"]
[Round "?"]
[White "Berthold, Wolfgang"]
[Black "Erben, Thomas"]
[Result "1-0"]
[WhiteElo "2030"]
[BlackElo "1850"]

1.Nf3 d5 2.c4 c6 3.g3 Nf6 4.Bg2 Bf5 5.cxd5 cxd5 6.Qb3 Qc8 7.O-O Nc6 8.Nc3 e6
9.d3 h6 10.Bf4 Be7 11.Rac1 O-O 12.Nb5 Ne8 13.Qa4 g5 14.Be3 Qd7 15.Nbd4 Rc8
16.Ne5  1-0

[Event "Landesliga Sued 9899"]
[Site "Bayern"]
[Date "1999.??.??"]
[Round "?"]
[White "Drexel, Michael"]
[Black "Boehm, Uwe"]
[Result "1/2-1/2"]
[WhiteElo "2190"]
[BlackElo "2230"]

1.Nf3 d5 2.c4 c6 3.d4 e6 4.cxd5 exd5 5.Nc3 Be7 6.Bf4 Nf6 7.e3 Bf5 8.h3 Nbd7
9.g4 Bg6 10.Nh4 Nf8 11.Nf5 Bxf5 12.gxf5 Bd6 13.Qf3 Qc7 14.Bg5 N8d7 15.Rg1 Rg8
16.O-O-O h6 17.Bxf6 Nxf6 18.Kb1 Bb4 19.Rc1 Bxc3 20.Rxc3 Ne4 21.Rc2 O-O-O
22.Bd3 Rde8 23.Rg4 Nf6 24.Rg2 Qd6 25.Rc1 Ne4 26.Bxe4 Rxe4 27.Rcg1 Qf6 28.Rg3 Kd7
29.Rg4 Rxg4 30.Qxg4 Kc8 31.Rg2 b6 32.a3 Kb7 33.Ka2 a5 34.Qf4 Re8 35.Qg4 Rg8
36.Qf4 Re8 37.Qg4 Rg8  1/2-1/2

[Event "Berlin Tegel-B"]
[Site "Berlin"]
[Date "1999.??.??"]
[Round "5"]
[White "Giemsa, Stephan"]
[Black "Schargorodskij, Maxim"]
[Result "1-0"]
[WhiteElo "2295"]
[BlackElo "2180"]

1.Nf3 d5 2.c4 e6 3.b3 Nf6 4.g3 Bd6 5.Bg2 c6 6.d4 Nbd7 7.O-O b6 8.Nc3 Bb7
9.Qc2 c5 10.Rd1 O-O 11.cxd5 exd5 12.Bb2 Re8 13.Rac1 Rc8 14.Qf5 Bf8 15.dxc5 bxc5
16.Ng5 g6 17.Qh3 h6 18.Bxd5 Nxd5 19.Nxd5 Qxg5 20.Qxd7 Bxd5 21.Rxd5 Rcd8 22.Qxd8 Rxd8
23.Rxg5 hxg5 24.Rc2 f5 25.h3 Kf7 26.Bc1 Rd1+ 27.Kg2 Be7 28.Be3 Rd5 29.Kf3 Ke6
30.Rc4 a5 31.Ra4 Bd8 32.Rc4 Be7 33.Rc2 Re5 34.Bc1 Re4 35.Rc4 Re5 36.e3 Rd5
37.Ke2 Rd8 38.Bd2 Ra8 39.Ra4 Bd8 40.Kd3 Kd5 41.e4+ Kc6 42.exf5 gxf5 43.h4 gxh4
44.gxh4 Bc7 45.h5 Rd8+ 46.Ke2 Rh8 47.Rh4 Kd5 48.Bc3 Be5 49.Bxe5 Kxe5 50.h6 Kf6
51.h7 Kg7 52.Kd3 Rxh7 53.Rxh7+ Kxh7 54.Kc4 Kg6 55.Kxc5 Kg5 56.Kb5 Kf4 57.Kxa5 Kf3
58.b4 Kxf2 59.b5 f4 60.b6 f3 61.b7 Kg1 62.b8=Q f2 63.Qg3+ Kf1 64.Qh3+ Kg1
65.a4 f1=Q 66.Qxf1+ Kxf1 67.Kb6  1-0

[Event "Bretagne"]
[Site "Bretagne"]
[Date "1999.??.??"]
[Round "1"]
[White "Nikcevic, Nebojsa"]
[Black "Salaun, Yann"]
[Result "1-0"]
[WhiteElo "2470"]
[BlackElo "2325"]

1.Nf3 d5 2.c4 e6 3.g3 Nf6 4.Bg2 dxc4 5.Na3 Bxa3 6.bxa3 O-O 7.Qc2 Nbd7 8.Bb2 c5
9.O-O Qc7 10.a4 a6 11.Rab1 Rb8 12.Bxf6 Nxf6 13.Qxc4 b6 14.d4 Bb7 15.Rfc1 Rfc8
16.a5 b5 17.Qxc5 Qxa5 18.Qa7 Bxf3 19.Bxf3 Qa3 20.Kg2 Qd6 21.Rxc8+ Rxc8 22.Bb7 Rc2
23.Qxa6 Qxa6 24.Bxa6 Rxa2 25.Bxb5 g6 26.Bd3 Kg7 27.Kf3 Ra4 28.e3 Ra2 29.Rb7 h5
30.Bc4  1-0

[Event "Cannes"]
[Site "Cannes"]
[Date "1999.??.??"]
[Round "2"]
[White "Azariants, Evgeni"]
[Black "Rogic, Davor"]
[Result "1-0"]
[WhiteElo "2205"]
[BlackElo "2475"]

1.Nf3 d5 2.c4 c6 3.g3 Nf6 4.Bg2 Bg4 5.cxd5 Nxd5 6.O-O e6 7.d4 Be7 8.Nc3 O-O
9.e4 Nb6 10.h3 Bh5 11.g4 Bg6 12.Ne5 N8d7 13.Nxg6 hxg6 14.Qe2 Re8 15.Be3 Qc7
16.Rac1 Rad8 17.f4 Qb8 18.f5 gxf5 19.gxf5 e5 20.d5 cxd5 21.exd5 Nf6 22.Nb5 Rd7
23.d6 Bxd6 24.Nxa7 Nbd5 25.Bxd5 Nxd5 26.Qb5 Nxe3 27.Qxd7 Nxf1 28.Nc8 Rf8
29.Nxd6 Ng3 30.Rc8 Rxc8 31.Nxc8 e4 32.Qd8+ Kh7 33.Qh4+  1-0

[Event "Ceske Budejovice op"]
[Site "Ceske Budejovice"]
[Date "1999.??.??"]
[Round "8"]
[White "Widera, Jan"]
[Black "Matlak, Marek"]
[Result "0-1"]
[WhiteElo "2220"]
[BlackElo "2480"]

1.Nf3 d5 2.c4 e6 3.g3 g6 4.Bg2 Bg7 5.O-O Ne7 6.d4 Nbc6 7.cxd5 exd5 8.b3 O-O
9.Bb2 Nf5 10.e3 Nd6 11.Nfd2 Ne7 12.Nc3 c6 13.Re1 Re8 14.b4 Be6 15.a4 Qd7
16.Ba3 Bh3 17.Bxh3 Qxh3 18.b5 Nef5 19.Bxd6 Nxd6 20.bxc6 bxc6 21.Qf3 Rab8
22.Rab1 h5 23.Qf4 Rxb1 24.Rxb1 Qd7 25.Nb3 Nb7 26.Qf3 Rc8 27.a5 Qc7 28.Qf4 Qxf4
29.gxf4 Bf8 30.a6 Nd8 31.Na5 Be7 32.Kf1 Kf8 33.Ke2 Ke8 34.Kd3 Kd7 35.f3 Kc7
36.e4 dxe4+ 37.fxe4 Rb8 38.Rxb8 Kxb8 39.Na4 Kc7 40.Nc4 Bh4 41.Ke3 Be7 42.Nab2 Bf8
43.Nd3 Be7 44.Nde5 Bf8 45.Nf3 Bh6 46.d5 Bf8 47.Kd4 cxd5 48.exd5 f6 49.Nh4 g5
50.Ng6 Bb4 51.fxg5 fxg5 52.Nge5 g4 53.Ke4 Bc5 54.Kf4 Bd6 55.Kg5 Bxe5 56.Nxe5 Kd6
57.Nc6 Nf7+ 58.Kxh5 Kxd5 59.Nxa7 Ne5 60.Kh4 Kc5 61.Nb5 Kb6 62.a7 Nf3+ 63.Kg3 Kb7
64.h3 gxh3 65.Kxf3 h2 66.Kg2 h1=Q+ 67.Kxh1 Ka8  0-1

[Event "Cologne KSV-ch"]
[Site "Cologne"]
[Date "1999.??.??"]
[Round "5"]
[White "Meurer, R."]
[Black "Ziabari, Morteza"]
[Result "0-1"]
[WhiteElo "1650"]
[BlackElo "1805"]

1.Nf3 d5 2.c4 d4 3.b4 Bg4 4.e3 e5 5.Qa4+ Qd7 6.Qxd7+ Nxd7 7.a3 c5 8.b5 e4
9.Ng5 Ngf6 10.f3 exf3 11.Nxf3 O-O-O 12.exd4 Re8+ 13.Be2 cxd4 14.d3 Nc5 15.Kf2 Nb3
16.Ra2 Nxc1 17.Rxc1 Bc5 18.Nbd2 Bh5 19.h3 Nd7 20.g4 Bg6 21.Nb3 Re3 22.Rd1 Rhe8
23.Bf1 b6 24.a4 Ne5 25.Nxe5 R8xe5 26.Nxc5 bxc5 27.a5 Re6 28.Kg1 h5 29.Kh2 hxg4
30.hxg4 Re8 31.b6 a6 32.b7+ Kxb7 33.Rb2+ Kc7 34.Bg2 Bxd3 35.Rb7+ Kd6 36.Rb6+ Ke5
37.Rc6 Kf4 38.Rxc5 Kxg4 39.Rd5 Rh8+ 40.Kg1 f5 41.Rxd4+ Be4 42.Kf2 Kf4 43.Bxe4 Rxe4
44.Rxe4+ Kxe4 45.Rd6 Rh6 46.c5 Ke5 47.Rd7 g5 48.Rg7 Rc6 49.Ra7 Kd4 50.Rxa6 Rxa6  0-1

[Event "CZE-chT2V 9899"]
[Site "CZE"]
[Date "1999.??.??"]
[Round "?"]
[White "Jirovsky, Milos"]
[Black "Dubansky, Bohuslav"]
[Result "1/2-1/2"]
[WhiteElo "2435"]
[BlackElo "2145"]

1.Nf3 d5 2.c4 e6 3.g3 Nf6 4.Bg2 c5 5.O-O Nc6 6.cxd5 exd5 7.d4 Be7 8.Nc3 O-O
9.dxc5 d4 10.Na4 Bf5 11.Bg5 h6 12.Bxf6 Bxf6 13.Rc1 Re8 14.a3 a5 15.Nb6 Ra6
16.Qd2 a4 17.Rc4 d3 18.e3 Re4 19.Rd1 Rxb6 20.Rxe4 Rxb2 21.Rxa4 Rxd2 22.Nxd2 Qe7
23.Ne4 Bxe4 24.Bxe4 g6 25.Rxd3 Qxc5 26.Rd7 Qb5 27.Ra8+ Kg7 28.a4 Qb4 29.Bxc6 bxc6
30.Raa7 Qb1+ 31.Kg2 Qe4+ 32.Kf1 Qb1+ 33.Ke2 Qc2+ 34.Kf3 Qf5+ 35.Kg2 Bc3 36.f3 Qc2+
37.Kh3 Qf5+ 38.Kg2 h5  1/2-1/2

[Event "CZE-chT2 9899"]
[Site "CZE"]
[Date "1999.??.??"]
[Round "?"]
[White "Vodicka, Vlastimil"]
[Black "Trefny, Vlastimil"]
[Result "1-0"]
[WhiteElo "2210"]
[BlackElo "2250"]

1.Nf3 d5 2.c4 dxc4 3.Qa4+ Nc6 4.Qxc4 e5 5.d3 Be7 6.g3 Nf6 7.Bg2 O-O 8.O-O Be6
9.Qa4 h6 10.Nc3 Qd7 11.b4 Nxb4 12.Qxd7 Nxd7 13.Rb1 Nd5 14.Nxd5 Bxd5 15.e4 Bxa2
16.Rxb7 Bd6 17.Be3 a5 18.Ra1 Be6 19.d4 Bc4 20.Bh3 Be6 21.Bxe6 fxe6 22.Nxe5 Nxe5
23.dxe5 Bxe5 24.Ra4 Bd6 25.Kg2 e5 26.Ba7 Bb4 27.Rxc7 Rf7 28.Bb6 Ra6 29.Rc8+ Rf8
30.Rxf8+ Kxf8 31.Bc7 Bc3 32.Ra3 Bb2 33.Rxa5 Rxa5 34.Bxa5 g5 35.Kh3 Kf7 36.Kg4 Kg6
37.h3 Bd4 38.Kf3 h5 39.g4 hxg4+ 40.hxg4 Kf7 41.Bd8 Kg6 42.Ke2 Bb2 43.Bb6 Ba3
44.Kd3 Kf7 45.Kc4 Ke6 46.Bc5 Bb2 47.Be3 Kf6 48.Kd5 Ba3 49.Bb6 Bc1 50.Bd8+ Kg6
51.f3 Ba3 52.Ke6 Bc1 53.Bf6  1-0

[Event "CZE-chT 9899"]
[Site "CZE"]
[Date "1999.??.??"]
[Round "5"]
[White "Zabystrzan, Pavel"]
[Black "Pisk, Petr"]
[Result "0-1"]
[WhiteElo "2280"]
[BlackElo "2310"]

1.Nf3 d5 2.c4 c6 3.cxd5 cxd5 4.d4 Nf6 5.Nc3 Nc6 6.Bf4 a6 7.h3 Bf5 8.a3 e6
9.e3 Be7 10.Be2 O-O 11.O-O Nd7 12.b4 b5 13.Nd2 Rc8 14.Qb3 Nb6 15.Rfc1 Nc4
16.Qd1 Qb6 17.Nb3 Rfd8 18.Nc5 e5 19.Bxe5 N4xe5 20.dxe5 d4 21.exd4 Nxd4 22.N3e4 Qg6
23.Bh5 Qh6 24.Nd6 Bxd6 25.exd6 Rxd6 26.Bg4 Re8 27.Bxf5 Ne2+ 28.Kf1 Qf4 29.Qxd6 Qxd6
30.Re1 Qh2 31.Be4 Nf4 32.g3 Nxh3 33.Nd3 Rxe4  0-1

[Event "CZE-chT 9899"]
[Site "CZE"]
[Date "1999.??.??"]
[Round "5"]
[White "Krajina, Ales"]
[Black "Cempel, Jaroslav"]
[Result "1/2-1/2"]
[WhiteElo "2275"]
[BlackElo "2270"]

1.Nf3 d5 2.c4 e6 3.g3 Nf6 4.Bg2 Nbd7 5.b3 b6 6.Bb2 Bb7 7.O-O c6 8.cxd5 cxd5
9.d4 Be7 10.Qd3 Ne4 11.Nc3 Nxc3 12.Bxc3 a5 13.Rfc1 Ba3 14.Rc2 Ba6 15.Qd1 Rc8
16.Bb2 Bxb2 17.Rxb2 Qc7 18.Ne1 O-O 19.Rc2 Qd6 20.Rac1 Nb8 21.Rxc8 Rxc8 22.Rxc8+ Bxc8
23.Qc1 Ba6 24.Bf1 h6 25.e3 Bxf1  1/2-1/2

[Event "CZE-chT 9899"]
[Site "CZE"]
[Date "1999.??.??"]
[Round "11"]
[White "Stocek, Jiri"]
[Black "Haba, Petr"]
[Result "1/2-1/2"]
[WhiteElo "2450"]
[BlackElo "2570"]

1.Nf3 d5 2.c4 c6 3.g3 Nf6 4.Bg2 dxc4 5.O-O Nbd7 6.Qc2 Nb6 7.a4 g6 8.Re1 a5
9.Na3 Be6 10.Ng5 Qd7 11.Nxe6 Qxe6 12.Rb1 Bg7 13.b3 c3 14.dxc3 O-O 15.Bf4 Nfd7
16.Rbd1 Be5 17.Be3 Rfd8 18.Nb1 Bd6 19.Bc1 Bc5 20.Nd2 Nf6 21.Nf3 Rxd1 22.Rxd1 Qf5
23.Qd3  1/2-1/2

[Event "CZE-chT 9899"]
[Site "CZE"]
[Date "1999.??.??"]
[Round "11"]
[White "Zabystrzan, Pavel"]
[Black "Hlavacek, Robert"]
[Result "1/2-1/2"]
[WhiteElo "2280"]
[BlackElo "2095"]

1.Nf3 d5 2.c4 d4 3.g3 c5 4.b4 e6 5.Bg2 Nf6 6.O-O Be7 7.d3 O-O 8.bxc5 Bxc5
9.Ba3 Bxa3 10.Nxa3 Nc6 11.Qb3  1/2-1/2

[Event "DEN-chT 9899"]
[Site "Denmark"]
[Date "1999.??.??"]
[Round "6"]
[White "Bang, Andreas"]
[Black "Johansen, Morten"]
[Result "1-0"]
[WhiteElo "2305"]
[BlackElo "2267"]

1.Nf3 d5 2.c4 c6 3.d4 Nf6 4.Nc3 e6 5.Bg5 Nbd7 6.e3 Be7 7.Qc2 O-O 8.Rd1 Re8
9.a3 a5 10.h3 dxc4 11.Bxc4 Nd5 12.Bxe7 Qxe7 13.O-O Nxc3 14.Qxc3 b6 15.e4 Bb7
16.Rfe1 b5 17.Bd3 b4 18.axb4 axb4 19.Qc2 Ba6 20.Bxa6 Rxa6 21.Ra1 Rea8 22.Rxa6 Rxa6
23.Qc4 Nb8 24.Ne5 h6 25.Nd3 Ra5 26.Rc1 Kh7 27.b3 Qa7 28.Nxb4 Ra1 29.Rxa1 Qxa1+
30.Kh2 Qe1 31.f3 Qd2 32.Nd3 h5 33.Ne5 Qf4+ 34.Kh1 h4 35.Nxc6 Nd7 36.Qc2 Qe3
37.e5+ Kh6 38.Qe4 Qf2 39.Ne7 Nb6 40.Ng8+ Kh5 41.Qg4+  1-0

[Event "Dresden op"]
[Site "Dresden"]
[Date "1999.??.??"]
[Round "?"]
[White "Schnitzspan, Lothar"]
[Black "Brauer, Christian"]
[Result "1-0"]
[WhiteElo "2320"]
[BlackElo "2135"]

1.Nf3 d5 2.c4 c6 3.e3 Nf6 4.b4 Bf5 5.Bb2 e6 6.a3 Nbd7 7.Be2 h6 8.O-O Bd6
9.d3 O-O 10.Nbd2 Qe7 11.Qc2 Bh7 12.Rfe1 Rac8 13.c5 Bb8 14.e4 e5 15.exd5 cxd5
16.Bf1 Rfe8 17.Rad1 Qe6 18.Nxe5 Nxe5 19.f4 Qf5 20.fxe5 Ng4 21.Nf3 Nxe5 22.Bxe5 Bxe5
23.Qa4 Re7 24.d4 Bf6 25.Rxe7 Bxe7 26.Bd3 Qf4 27.Bxh7+ Kxh7 28.Qd7 Rc7 29.Qxd5 Qe3+
30.Kh1 Qxa3 31.Qe4+ Kg8 32.d5 Qa4 33.Re1 Bf6 34.Qe8+ Qxe8 35.Rxe8+ Kh7 36.d6 Rd7
37.Ne5 Bxe5 38.Rxe5 Kg6 39.Re7  1-0

[Event "Dresden op"]
[Site "Dresden"]
[Date "1999.??.??"]
[Round "?"]
[White "Schnitzspan, Lothar"]
[Black "Bannink, Bernard"]
[Result "1/2-1/2"]
[WhiteElo "2320"]
[BlackElo "2215"]

1.Nf3 d5 2.c4 Nf6 3.cxd5 Nxd5 4.Nc3 Nxc3 5.bxc3 g6 6.g3 b6 7.Qa4+ c6 8.Bg2 Bg7
9.Ba3 O-O 10.Nd4 Bxd4 11.cxd4 Be6 12.h4 b5 13.Qc2 Qxd4 14.O-O b4 15.e3 Qd6
16.Bb2 Nd7 17.a3 b3 18.Qc3 f6 19.a4 Qc5 20.Bxc6 Qxc3 21.Bxc3 Rac8 22.Bb5 Ne5
23.f4 Nc4 24.e4 Rfd8 25.Rf2 f5 26.Re2 fxe4 27.Rxe4 Bf7 28.Re2 Nd6 29.Bd3 Rd7
30.Rb1 Nf5 31.Bxf5 gxf5 32.Re5 Rd3 33.Kf2 Bd5 34.Rxf5 e6 35.Rg5+ Kf8 36.h5 Rc4
37.Ke2 Rdxc3 38.dxc3 Rxc3 39.Rb2 Rc4 40.Rxd5 exd5 41.Rxb3 Rxa4 42.Rb7 h6
43.Rh7 Ra6 44.Kf3 d4 45.Ke4 Ra3 46.g4 Re3+ 47.Kf5 d3 48.Rxa7 Re7 49.Ra1 d2
50.Rd1 Rd7 51.Ke4 Re7+ 52.Kf3 Rd7 53.Ke2 Rg7 54.Rg1 Rf7 55.Rf1 Rd7 56.Rd1 Rg7
57.Kf3 Rd7 58.Ke4 Re7+ 59.Kf3 Rd7 60.g5 Kg7 61.Ke4 Re7+ 62.Kf5 Rf7+ 63.Kg4 Rd7
64.g6 Rd3 65.f5 Kf6 66.Kf4 Rd5 67.Kg4 Rd4+ 68.Kf3 Rd5 69.Ke2 Rxf5 70.Rh1 Rd5
71.Kd1  1/2-1/2

[Event "Edinburgh op"]
[Site "Edinburgh"]
[Date "1999.??.??"]
[Round "3"]
[White "Plaskett, Jim"]
[Black "Burnett, Andrew"]
[Result "1-0"]
[WhiteElo "2470"]
[BlackElo "2240"]

1.Nf3 d5 2.c4 e6 3.d4 c6 4.g3 f5 5.Bg2 Nd7 6.O-O Bd6 7.Nc3 Ndf6 8.Bf4 Nh6
9.Bxh6 gxh6 10.Qd2 Qe7 11.Qxh6 Bd7 12.Ne5 O-O-O 13.Rac1 Kb8 14.f4 Be8 15.c5 Bc7
16.Bf3 Ng8 17.Qh3 h5 18.b4 Nh6 19.Rb1 Bxe5 20.fxe5 Qg5 21.Kh1 Qd2 22.Qh4 Bd7
23.Nd1 Ng4 24.Nf2 Qxd4 25.Nd3 Qe3 26.Rb3 Nxe5 27.Qf4 Qxf4 28.gxf4 Nxd3 29.exd3 Rdg8
30.d4 Be8 31.Re3 Bf7 32.Rg1 Kc7 33.Ree1 Kd7 34.Rxg8 Rxg8 35.Rg1 Rxg1+ 36.Kxg1 Ke7
37.Kf2 Kf6 38.a4 Be8 39.Kg3 Kg6 40.Kh4 Kh6 41.Be2 a6 42.h3 Bd7 43.Bxh5 e5
44.fxe5  1-0

[Event "Cataluna Club op"]
[Site "ESP"]
[Date "1999.??.??"]
[Round "?"]
[White "Guardia Gaset, Josep M"]
[Black "Ayllon Barranco, Miguel"]
[Result "1-0"]
[WhiteElo "2000"]
[BlackElo "1865"]

1.Nf3 d5 2.c4 e6 3.d4 Nf6 4.Nc3 b6 5.cxd5 Nxd5 6.e4 Nxc3 7.bxc3 Bb7 8.Bd3 Nd7
9.Qa4 c6 10.O-O b5 11.Qb3 Nc5 12.Qc2 Nxd3 13.Qxd3 Qc7 14.Be3 Rd8 15.a4 a6
16.Qc2 Be7 17.c4 bxc4 18.Qxc4 O-O 19.Rfc1 Bf6 20.Rab1 Qd7 21.e5 Be7 22.Rb6 Rc8
23.Rcb1 Rc7 24.Qb3 Bc8 25.Rc1 Rb7 26.Nd2 f6 27.Nc4 Bd8 28.Rxb7 Qxb7 29.Qxb7 Bxb7
30.Nd6 Ba8 31.Ne4 fxe5 32.dxe5 Rf5 33.f4 Be7 34.Rb1 Rf8 35.g3 Kf7 36.Rb6 a5
37.Nd6+ Kg6 38.Ra6 Rd8 39.Rxa5 Rb8 40.Ra7 Rb1+ 41.Kf2 Rb8 42.Rxe7  1-0

[Event "Cataluna Club op"]
[Site "ESP"]
[Date "1999.??.??"]
[Round "?"]
[White "Castaner Halster, Xavier"]
[Black "Rosich Valles, Alfred"]
[Result "1/2-1/2"]
[WhiteElo "2280"]
[BlackElo "2370"]

1.Nf3 d5 2.c4 c6 3.d4 e6 4.Bg5 Nf6 5.Nc3 Be7 6.e3 Nbd7 7.Rc1 O-O 8.a3 Re8
9.Bd3 dxc4 10.Bxc4 Nd5 11.Bxe7 Qxe7 12.Ne4 N5f6  1/2-1/2

[Event "Cataluna-chT"]
[Site "ESP"]
[Date "1999.??.??"]
[Round "2"]
[White "Cueto Faus, M."]
[Black "Arnau Moliner, S."]
[Result "1/2-1/2"]
[WhiteElo "2320"]
[BlackElo "2260"]

1.Nf3 d5 2.c4 c6 3.b3 Nf6 4.Bb2 e6 5.g3 Nbd7 6.Bg2 Bd6 7.O-O O-O 8.d3 Qe7
9.Nd4 Rd8 10.e4 dxe4 11.dxe4 c5 12.Nc2 Be5 13.Nc3 Nb8 14.Qc1 Nc6 15.f4 Bd4+
16.Nxd4 cxd4 17.Nd1 e5 18.f5 b6 19.Nf2 Bb7 20.h3 Rac8 21.Ba3 Nb4 22.Qd2 a5
23.Rfe1 Bc6 24.Nd3 Qb7 25.Bxb4 axb4 26.Qe2 Qe7 27.Qd2 Qb7 28.Qe2 Qe7 29.Bf3 Nd7
30.Qd2  1/2-1/2

[Event "FRA-ch U20"]
[Site "FRA"]
[Date "1999.??.??"]
[Round "?"]
[White "Paci, Cedric"]
[Black "Fressinet, Laurent"]
[Result "0-1"]
[WhiteElo "2140"]
[BlackElo "2424"]

1.Nf3 d5 2.c4 e6 3.g3 Nf6 4.Bg2 Be7 5.O-O O-O 6.d4 dxc4 7.Qc2 a6 8.a4 Bd7
9.Qxc4 Bc6 10.Bg5 Bd5 11.Qd3 Be4 12.Qe3 Nbd7 13.Nc3 Bc6 14.Qd3 h6 15.Bf4 Rc8
16.Qc2 Bd6 17.Bd2 b5 18.axb5 axb5 19.Ne5 Bxg2 20.Kxg2 Nxe5 21.dxe5 Bxe5 22.Rfd1 Qe8
23.Qb3 Rb8 24.Ra5 Bxc3 25.Bxc3 Qc6+ 26.f3 Nd5 27.Bd4 f5 28.e3 Rfd8 29.Kf2 Kh7
30.Rd2 Qe8 31.Be5 Rb7 32.Rc2 Qd7 33.Ra6 Nb6 34.Bd4 Rdb8 35.Rc5 Nc4 36.Qb4 e5
37.Bxe5 Qd1 38.Qe1 Rd8 39.Qxd1 Rxd1 40.b3 Nxe5 41.Rxe5 Rd2+ 42.Kg1 Rb2 43.Re7 Rb8
44.Rd7 Re8 45.Rd3 Re2 46.Rc6 R8xe3 47.Rxe3 Rxe3 48.Rxc7 Rxb3 49.Rb7 Rb2 50.Rb6 b4
51.f4 b3 52.h4 h5 53.Kf1 Kg8 54.Rb7 Kf8 55.Ke1 g6 56.Kf1 Ke8 57.Kg1 Kd8 58.Kf1 Kc8
59.Rb6 Kc7 60.Rxg6 Rc2 61.Rg7+ Kc6  0-1

[Event "NOR-ch op"]
[Site "Gausdal"]
[Date "1999.??.??"]
[Round "2"]
[White "Gausel, Einar"]
[Black "Bae, Torstein"]
[Result "1/2-1/2"]
[WhiteElo "2525"]
[BlackElo "2194"]

1.Nf3 d5 2.c4 c6 3.d4 Nf6 4.Nc3 dxc4 5.g3 Nbd7 6.Bg2 e6 7.O-O Be7 8.e4 O-O
9.Qc2 b5 10.Bf4 Re8 11.Rad1 Bb7 12.Rfe1 Qa5 13.a3 c5 14.d5 exd5 15.exd5 b4
16.axb4 cxb4 17.Ra1 Qd8 18.Nb5 Nxd5 19.Bg5 N7b6 20.Rad1 h6 21.Bf4 Qc8 22.Bd6 a6
23.Rxe7 axb5 24.Rxe8+ Qxe8 25.Nd4 Rd8 26.Bc7 Nxc7 27.Bxb7 Qe5 28.Nc6 Rxd1+
29.Qxd1 Qf6 30.Nxb4 Ne6 31.Qd6 Qxb2 32.Nc6 Qb1+ 33.Kg2 Qe4+ 34.Kg1 Qe1+ 35.Kg2 Qe4+
36.Kg1 Kh7 37.Qb8 Qe1+ 38.Kg2 Qe4+ 39.Kg1 Ng5 40.Ne5 Nh3+ 41.Kf1 Qd4 42.Kg2 Ng5
43.f4 f6 44.Qe8 Qd2+ 45.Kf1 Qd1+ 46.Kf2 Qc2+ 47.Ke1 fxe5 48.fxg5 Qb1+ 49.Kf2 Qc2+
50.Ke3 Qc3+  1/2-1/2

[Event "Oberliga Ost A9899"]
[Site "GER"]
[Date "1999.??.??"]
[Round "?"]
[White "Schunk, Thomas"]
[Black "Schuster, Martin"]
[Result "1-0"]
[WhiteElo "2295"]
[BlackElo "2140"]

1.Nf3 d5 2.c4 e6 3.Qc2 Nf6 4.g3 Be7 5.Bg2 O-O 6.O-O Nbd7 7.d4 b6 8.cxd5 exd5
9.Ne5 c5 10.Nc6 Qe8 11.Nc3 Bb7 12.Nxd5 Bxc6 13.Nxe7+ Qxe7 14.Bxc6 Rac8 15.Bb7 Rce8
16.dxc5 Nxc5 17.Bf3 Rc8 18.Qf5 Ne6 19.Be3 Qb4 20.b3 Nd4 21.Bxd4 Qxd4 22.Rac1 Rxc1
23.Rxc1 g6 24.Qf4 Qxf4 25.gxf4 Rd8 26.Rc7 Rd7 27.Rxd7 Nxd7 28.b4 a5 29.a3 axb4
30.axb4 Kf8 31.e3 Ke7 32.Kf1 h6 33.h4 f6 34.Bc6 Nf8 35.Ke2 g5 36.fxg5 fxg5
37.hxg5 hxg5 38.Kd3 Kd6 39.Bf3 Ng6 40.Ke4 Ne7 41.Kd4 Ng6 42.b5 Ne5 43.Be2 Ng6
44.Ke4 Ne7 45.Bf1 Ke6 46.Bc4+ Kd6 47.Bf7 Kc5 48.Ke5 Nc8 49.Be6 Nd6 50.Bd7 Nxb5
51.Bxb5 Kxb5 52.Kd6 Kc4 53.e4 b5 54.e5 b4 55.e6 b3 56.e7 b2 57.e8=Q b1=Q
58.Qg8+ Kc3 59.Qg7+ Kc4 60.Qf7+ Kc3 61.Qf6+ Kb4 62.Qd4+ Kb5 63.Ke5 g4 64.Kf4 Qg1
65.Qd3+ Kc5 66.Qg3 Qd1 67.Qa3+ Kd5 68.Qa8+ Ke6 69.Qe8+ Kf6 70.Qf8+ Ke6 71.Qg8+ Ke7
72.Qg7+  1-0

[Event "Oberliga Ost A9899"]
[Site "GER"]
[Date "1999.??.??"]
[Round "?"]
[White "Schunk, Thomas"]
[Black "Fischer, Dieter"]
[Result "1-0"]
[WhiteElo "2295"]
[BlackElo "2160"]

1.Nf3 d5 2.c4 e6 3.g3 Nf6 4.Bg2 Be7 5.O-O O-O 6.b3 Nbd7 7.Qc2 c6 8.Bb2 b6
9.d3 Bb7 10.e4 Rc8 11.e5 Ne8 12.Nbd2 g6 13.Rfe1 Ng7 14.Nd4 a6 15.f4 Qc7 16.Rac1 Qb8
17.Re2 Rfd8 18.N4f3 Nc5 19.Ne1 a5 20.g4 b5 21.Kh1 bxc4 22.bxc4 Ba6 23.Ba3 Bf8
24.d4 Nd7 25.Bxf8 Nxf8 26.Nef3 Nd7 27.Ree1 Nb6 28.c5 Nc4 29.Nxc4 Bxc4 30.Nd2 Ba6
31.Rb1 Qa7 32.Rb6 h5 33.h3 hxg4 34.hxg4 Qe7 35.Nf3 Bc4 36.Reb1 Ne8 37.a4 Qf8
38.Kg1 Nc7 39.Qd2  1-0

[Event "Hessenliga 9899"]
[Site "GER"]
[Date "1999.??.??"]
[Round "?"]
[White "Schnitzspan, Lothar"]
[Black "Schmitzer, Klaus"]
[Result "1-0"]
[WhiteElo "2310"]
[BlackElo "2305"]

1.Nf3 d5 2.c4 e6 3.g3 c5 4.Bg2 Nc6 5.O-O Nf6 6.e3 Be7 7.Qe2 O-O 8.b3 b6 9.Bb2 Bb7
10.Rd1 Qc7 11.Nc3 Rfd8 12.Rac1 Rac8 13.cxd5 exd5 14.Bh3 Ra8 15.Nh4 d4 16.Nb5 Qe5
17.d3 a6 18.Na3 Nd5 19.Nc4 Qc7 20.Nf5 Bf6 21.exd4 cxd4 22.Nd2 g6 23.Nh6+ Kh8
24.Qf3 Qe7 25.Re1 Ne5 26.Rxe5 Bxe5 27.Nxf7+ Kg8 28.Nxd8 Rxd8 29.Qe2 Qg5 30.Be6+ Kg7
31.Qe4 Bf6 32.Nf3 Qh6 33.Rc7+ Nxc7 34.Qxb7 Re8 35.Qxc7+ Re7 36.Qc8  1-0

[Event "NRW-Liga I 9899"]
[Site "GER"]
[Date "1999.??.??"]
[Round "6"]
[White "Weber, Peter"]
[Black "Preuschoff, Michael"]
[Result "1-0"]
[WhiteElo "2205"]
[BlackElo "2265"]

1.Nf3 d5 2.c4 e6 3.b3 Nf6 4.Bb2 Be7 5.cxd5 exd5 6.e3 O-O 7.Be2 Ne4 8.O-O a5
9.d3 Bf6 10.Qc1 Bxb2 11.Qxb2 Nf6 12.Nc3 Re8 13.Rac1 c6 14.Na4 Nbd7 15.Rc2 Qc7
16.h3 h6 17.Rfc1 Nf8 18.Qd4 Ne6 19.Qc3 Nh7 20.Qe5 Qd8 21.Qg3 Nf6 22.Nc5 Nxc5
23.Rxc5 Qb6 24.Nd4 a4 25.bxa4 Rxa4 26.Nxc6 bxc6 27.Rxc6 Qd8 28.Rxc8 Qxc8
29.Rxc8 Rxc8 30.Bf3 Rxa2 31.e4 dxe4 32.dxe4 Nh7 33.h4 Nf8 34.e5 Rc1+ 35.Kh2 Raa1
36.Qg4 Rh1+ 37.Kg3 Ra5 38.Qd4 Ne6 39.Qb4 Rha1 40.Qb8+ Nf8 41.Be4 Re1 42.f3 Re2
43.Kh3 Ra1 44.Bd5 Rh1+ 45.Kg3 Rd2 46.e6 g5 47.e7 gxh4+ 48.Kf4  1-0

[Event "NRW-Liga II 9899"]
[Site "GER"]
[Date "1999.??.??"]
[Round "8"]
[White "Odendahl, Reiner"]
[Black "Tozer, Richard"]
[Result "1-0"]
[WhiteElo "2320"]
[BlackElo "2305"]

1.Nf3 d5 2.c4 c6 3.e3 Nf6 4.Nc3 g6 5.d4 Bg7 6.Bd3 O-O 7.O-O c5 8.dxc5 dxc4
9.Bxc4 Qc7 10.b4 Nc6 11.Ba3 Ng4 12.Nd5 Qb8 13.Rc1 e6 14.Nc3 b6 15.b5 Na5
16.Be2 Re8 17.c6 a6 18.Bd6 Qa7 19.Qa4 Nf6 20.Rfd1 h6 21.Be5 Kh7 22.Qh4 Qe7
23.Qd4 axb5 24.Nxb5 Ba6 25.Qxb6 Bxb5 26.Qxb5 Nd5 27.Qc5 Qxc5 28.Rxc5 Bf8
29.Rcc1 Ba3 30.Rb1 Nxc6 31.e4 Nxe5 32.exd5 exd5 33.Rxd5 Nxf3+ 34.Bxf3 Rab8
35.Rbd1 Rb2 36.h3 Rxa2 37.Ra5 Rc8 38.Ra7 Rc3 39.Rxf7+ Kg8 40.Ra7 Rb2 41.Rd8+ Bf8
42.Bd5+  1-0

[Event "GER-ch 11th Seniors"]
[Site "Germany"]
[Date "1999.??.??"]
[Round "?"]
[White "Hillgaertner, Walter"]
[Black "Heil, Siegfried"]
[Result "0-1"]
[WhiteElo "2110"]
[BlackElo "2355"]

1.Nf3 d5 2.c4 c6 3.b3 Bg4 4.Bb2 e6 5.e3 Nd7 6.Be2 Ngf6 7.O-O Bd6 8.d3 Qe7
9.Nbd2 e5 10.cxd5 cxd5 11.Rc1 O-O 12.Re1 Rac8 13.e4 Bb4 14.Rf1 Rfd8 15.exd5 Nxd5
16.h3 Bf5 17.Nc4 Nf4 18.a3 Bd6 19.d4 exd4 20.Nxd4 Qg5 21.Bg4 Bxg4 22.Qxg4 Qxg4
23.hxg4 Bc5 24.Rcd1 Nf6 25.Nf5 Nxg4 26.Ncd6 Ne2+ 27.Kh1 Bxd6 28.Nxd6 Rc6
29.Rd2 Rcxd6 30.Rxe2 Rd2 31.Rxd2 Rxd2 32.Bc1 Rxf2 33.Re1 h5 34.Kg1 Rc2 35.a4 f6  0-1